| 000 | 01207cad a22002295a 4500 | ||
|---|---|---|---|
| 001 | L159717 | ||
| 008 | 090319s2009 xxkd f s 000 0 eng d | ||
| 035 | _a(Sirsi) u159717 | ||
| 041 | 0 | _aeng | |
| 050 | 0 | 4 | _a346.4104342 $2 18 |
| 110 | 2 |
_aRoyal Institution of Chartered Surveyors _94900 |
|
| 245 | 0 | 0 |
_aRICS residential lettings survey Great Britain _bJuly 2009 _h[electronic resource] |
| 260 |
_aLondon _bRICS _c2009 |
||
| 490 | 0 |
_aRICS Residential Lettings Survey Great Britain _vJuly 2009 |
|
| 520 | _aGrowth in demand for rental property slows but growth in new landlord instructions slows even more so. Rents continue to decline but at a slower pace and rental expectations improve markedly though they remain slightly negative. The percentage of landlords planning to sell properties at the expiry of leases remains unchanged at 1.8%. | ||
| 590 | _aKA | ||
| 650 | 2 | 4 | _aRICS RESIDENTIAL LETTINGS SURVEY GREAT BRITAIN |
| 651 | 4 |
_aGreat Britain _y1707- |
|
| 690 | _aPROPERTY-RESIDENTIAL PROPERTY-RESIDENTIAL PROPERTY MARKET | ||
| 856 | 4 | 0 |
_uhttps://www.rics.org/Global/Downloads/RICS_Residential_Lettings_Market_Survey_-_July_2009.pdf _zView the item free of charge at www.rics.org... |
| 942 | _n0 | ||
| 999 |
_c116098 _d116098 |
||